000 00715cam a22002651 4500
001 sa 65009742
003 DLC
005 20260227112204.0
008 890420q19001989ii ac 000 0 kano
010 _asa 65009742
035 _a(OCoLC)19576714
040 _aDLC
_cWaU
_dDLC
041 0 _akansan
042 _apremarc
050 0 0 _aR127.2
_b.V36
100 0 _aVāgbhaṭa,
_dactive 7th century.
245 0 0 _aVāgbhata viracita Aṣṭāṅga-Hrdaya.
260 _c[19--]
300 _av.
_billus., ports.
_c23 cm.
500 _aAdded t.p.: Ashtanga-Hridaya.
500 _aSanskrit and Kannada.
650 0 _aMedicine, Ayurvedic.
700 1 _aAnantacharya, Adya.
740 0 _aAṣṭāṅga-Hrdaya.
999 _c66397
_d66397